| Tag |
First Indicator |
Second Indicator |
Subfields |
| LEADER |
00000cam a2200000 i 4500 |
| 001 |
in00004637921 |
| 006 |
m o d |
| 007 |
cr cnu---unuuu |
| 008 |
141110s2011 vaua obd 000 0 eng d |
| 005 |
20230110224022.7 |
| 035 |
|
|
|a (OCoLC)ocn894898557
|
| 040 |
|
|
|a KNOVL
|b eng
|e rda
|e pn
|c KNOVL
|d OCLCQ
|d OCLCO
|
| 020 |
|
|
|a 9781680151787
|q (electronic bk.)
|
| 020 |
|
|
|a 1680151789
|q (electronic bk.)
|
| 020 |
|
|
|z 9780922152896
|
| 020 |
|
|
|z 0922152896
|
| 035 |
|
|
|a (OCoLC)894898557
|
| 050 |
|
4 |
|a QE5
|b .G66 2011eb
|
| 082 |
0 |
4 |
|a 550.3
|b G516
|2 22
|
| 049 |
|
|
|a TXAM
|
| 245 |
0 |
0 |
|a Glossary of geology /
|c editors: Klaus Neuendorf, James P. Mehl, Jr. and Julia A. Jackson.
|
| 250 |
|
|
|a Fifth edition revised.
|
| 264 |
|
1 |
|a Alexandria, Va :
|b American Geological Institute,
|c [2011]
|
| 264 |
|
4 |
|c ©2011
|
| 300 |
|
|
|a 1 online resource (xii, 783 pages) :
|b illustrations
|
| 336 |
|
|
|a text
|b txt
|2 rdacontent
|
| 337 |
|
|
|a computer
|b c
|2 rdamedia
|
| 338 |
|
|
|a online resource
|b cr
|2 rdacarrier
|
| 504 |
|
|
|a Includes bibliographical references (pages 741-783).
|
| 520 |
|
|
|a Contains nearly 40,000 entries, including 3,600 new terms and nearly 13,000 entries with revised definitions from the previous edition. The revisions represent both advances in scientific thought and changes in usage and they make this 800+ page hardbound a must for any earth science professional or student. In addition to definitions, many entries include background information and aids to syllabication. The Glossary draws its authority from the expertise of the more than 100 geoscientists in many specialties who reviewed definitions and added new terms. --from publisher description.
|
| 588 |
0 |
|
|a Print version record.
|
| 650 |
|
0 |
|a Geology
|v Dictionaries.
|
| 650 |
|
7 |
|a Geology.
|2 fast
|0 (OCoLC)fst00940627
|
| 655 |
|
7 |
|a Electronic books.
|2 local
|
| 655 |
|
2 |
|a Dictionary
|
| 655 |
|
7 |
|a dictionaries.
|2 aat
|
| 655 |
|
7 |
|a Dictionaries.
|2 fast
|0 (OCoLC)fst01423826
|
| 655 |
|
7 |
|a Dictionaries.
|2 lcgft
|
| 655 |
|
7 |
|a Dictionnaires.
|2 rvmgf
|
| 700 |
1 |
|
|a Neuendorf, Klaus K. E.
|
| 700 |
1 |
|
|a Mehl, James P.
|
| 700 |
1 |
|
|a Jackson, Julia A.,
|d 1939-
|
| 710 |
2 |
|
|a Knovel (Firm)
|
| 710 |
2 |
|
|a American Geological Institute.
|
| 776 |
0 |
8 |
|i Print version:
|t Glossary of geology.
|b Fifth edition revised
|z 9780922152896
|w (OCoLC)768814625
|
| 856 |
4 |
0 |
|u http://proxy.library.tamu.edu/login?url=https://app.knovel.com/hotlink/toc/id:kpGGE00002/glossary-of-geology?kpromoter=marc
|z Connect to the full text of this electronic book
|t 0
|
| 955 |
|
|
|a Knovel ebooks
|
| 994 |
|
|
|a 92
|b TXA
|
| 999 |
f |
f |
|s 8b8a6d90-9d57-459c-b86a-79c136e6ecfb
|i a0c6560b-a9e3-4e1a-ae57-ef3c9c7d7c0a
|t 0
|
| 952 |
f |
f |
|a Texas A&M University
|b College Station
|c Electronic Resources
|d Available Online
|t 0
|e QE5 .G66 2011eb
|h Library of Congress classification
|
| 998 |
f |
f |
|a QE5 .G66 2011eb
|t 0
|l Available Online
|